Skład Arsenalu w Premier League 2024/25 - Statystyki

Ogólne statystyki
  • Ten quiz został rozwiązany 280 razy
  • Średni wynik to 16 z 22
Statystyki odpowiedzi
Numer Zawodnik % Poprawnych
7 Bukayo Saka
95%
22 David Raya
94%
2 William Saliba
92%
9 Gabriel Jesus
91%
6 Gabriel
89%
8 Martin Ødegaard
88%
11 Gabriel Martinelli
87%
41 Declan Rice
85%
15 Jakub Kiwior
85%
29 Kai Havertz
82%
4 Ben White
80%
5 Thomas Partey
77%
12 Jurrien Timber
73%
19 Leandro Trossard
73%
17 Oleksandr Zinchenko
71%
1 Aaron Ramsdale
69%
33 Riccardo Calafiori
67%
20 Jorginho
57%
18 Takehiro Tomiyasu
52%
14 Edward Nketiah
41%
24 Reiss Nelson
34%
21 Fábio Vieira
23%
Nie znaleziono quizów pasujących do podanych kryteriów
Rozkład punktacji
Procent ludzi z każdym wynikiem
Percentyl według liczby udzielonych odpowiedzi
Twoja historia wyników
Nie rozwiązałeś tego quizu